The WNBA Teams - Statistics

General Stats
  • This quiz has been taken 45 times
  • The average score is 10 of 12
Answer Stats
Answer % Correct
Eastern Conference Connecticut Sun
88%
Western Conference Dallas Wings
88%
Western Conference Las Vegas Aces
88%
Eastern Conference Chicago Sky
85%
Western Conference Seattle Storm
85%
Eastern Conference Washington Mystics
85%
Eastern Conference Indiana Fever
81%
Eastern Conference New York Liberty
81%
Eastern Conference Atlanta Dream
77%
Western Conference Minnesota Lynx
77%
Western Conference Phoenix Mercury
77%
Western Conference Los Angeles Sparks
73%
No matching quizzes found
Score Distribution
Percent of People with Each Score
Percentile by Number Answered
Your Score History
You have not taken this quiz